000 01075nam0a22002771 4500
001 rc\3286253
005 20260408080233.0
021 _aRU
_b70-ОЭ-2244/41
021 _aRU
_bРг10990-70
035 _a(NLR Aleph) 007400791
090 _a6710194
_c6710194
100 _a20130115d1970 |||y0rusy50 ca
101 0 _arus
102 _aRU
105 _ay c |||||
200 1 _aУказания по расчету энергетических мощностей сельского хозяйства
_fУпр. статистики сел. хоз-ва ЦСУ СССР
210 _a[Москва]
_cБ. и.
_d1970
215 _a10 с.
_d29
309 _aБез тит. л. и обл.
309 _aОтпеч. множит. аппаратом
712 0 1 _aСССР
_bЦентральное статистическое управление
_bУправление статистики сельского хозяйства
_9680552
_3RU\NLR\AUTH\8810089550
801 0 _aRU
_bNLR
_gpsbo
801 1 _aRU
_bELAR
_2rusmarc
852 _aNLR
_j69-8/2930
942 _cBOOK
980 _aNB